000 00265nam a22001217a 4500
008 170322b xxu||||| |||| 00| 0 eng d
041 _aeng
080 _a616.9
100 _a8
101 _aSH,
245 _aCOMPLETE HOME MEDICAL GIDE
_cTAPLEY.D.F
942 _2udc
_cBK
999 _c8414
_d8414